Brasileiros que fizeram gols em finais de libertadores - Morte Subita - Statistics

Estatísticas Gerais
  • Esse quiz foi jogado 169 vezes
    88 desde o último reset
  • A pontuação média é 5 de 25
Answers on the Grid
Answers color-coded by a green-red scale on the quiz's grid according to % correct below.
Raphael Veiga
Alex Telles
Hulk
Luizão
Gabriel Barbosa
Luan
Pedro Geromel
Alex Cabeção
Neymar
PH Ganso
Amoroso
Rogério Ceni
Fabão
Cicinho
Evair
Euller
Tinga
Edcarlos
Ronaldinho
Pedro
Ricardo Oliveira
Romário
Leandro Damião
Edmundo
Juninho Pernambucano
Donizete Pantera
Marcelo Ramos
Jardel
Chicão
Paulinho
Paulo Nunes
Oséas
Zinho
Raí
Everton Cebolinha
Pelé
Palhinha
Tostão
Zico
Adílio
Thiago Neves
Fred
Robinho
Diego
Elano
Henrique
Kleber Gladiador
Breno Lopes
Rony
 
Estatísticas das Respostas
Resposta % Correto
Gabriel Barbosa
59%
Neymar
59%
48%
Pelé
45%
Breno Lopes
41%
Raphael Veiga
41%
Zico
31%
Thiago Neves
28%
Luan
24%
Raí
21%
Alex Telles
17%
Amoroso
14%
Luizão
14%
Leandro Damião
10%
Palhinha
10%
Donizete Pantera
7%
Euller
7%
Jardel
7%
Oséas
7%
Tinga
7%
Evair
3%
Fabão
3%
Henrique
3%
Paulo Nunes
3%
Edcarlos
0%
Nenhum quiz correspondente encontrado
Distribuição das Pontuações
Porcentagem de Pessoas com Cada Pontuação
Percentil de Números Respondidos
Sua Pontuação Histórica
Você não jogou esse quiz desde o último reset